000 00867nam a2200277 i 4500
003 EG-GICUC
005 20260501151136.0
008 260501s1948 ge ||||fr|||| 000 0 fre d
040 _aEG-GiCUC
_bfre
_cEG-GiCUC
_dEG-GiCUC
_erda
082 0 4 _221
_a343.52
_bPR
092 0 4 _221
099 _aLaw1 10 343.52 PR 1948
245 0 0 _aProcès Des Grands Criminels De Guerre Devant Le Tribunal Militaire International.
_b
_c
_n
264 1 _aNuremberg :
_bEdité a Nuremberg, Allemagne,
_c1948.
300 _a636pages :
_billustrations,
_c24 cm
336 _2rda content
_atext
337 _2rda media
_aComputer
338 _2rda carrier
_aOnline Resource
504 _a
546 _aTexte en français
650 1 4 _aDroit pénal
_2
651 1 _2
856 4 0 _uhttps://fll.law.cu.edu.eg/fulltext/bks/B10-10755.pdf
905 _a50
942 _2ddc
_cBK
_e21
_n0
999 _c74651
_d74651